000 00499cam a2200145 4500500
005 20251012032610.0
041 _afre
042 _adc
100 1 0 _aBaladier, Charles
_eauthor
245 0 0 _aPierre Jean Jouve, Lettres à Jean Paulhan, 1925-1961, Éditions Claire Paulhan, 2006, 255 pages.
260 _c2007.
500 _a90
786 0 _nSigila | 20 | 2 | 2007-12-20 | p. 200-200 | 1286-1715
856 4 1 _uhttps://shs.cairn.info/revue-sigila-2007-2-page-200?lang=fr&redirect-ssocas=7080
999 _c1547814
_d1547814